000
00216 a2200097 4500
001
48474
100
_a
Brice, W.C
245
_a
An historical atlas of Islam
260
_a
Leiden
_b
B.J Brill
_c
090
_c
31410
_d
31410
942
_a
NUST-CAE
_c
M
_c
23793
999
_c
283547
_d
283547